Psychohygiena - súčasť prípravy budúcich ekonómov?
Dôvody záujmu o psychohygienu. Psychológia a psychohygiena v príprave ekonómov.
Saved in:
| Main Author: | |
|---|---|
| Format: | Book Chapter |
| Language: | Slovak |
| Subjects: | |
| Tags: |
No Tags, Be the first to tag this record!
|
MARC
| LEADER | 00000naa$a2200000$$$4500 | ||
|---|---|---|---|
| 001 | 0180862 | ||
| 005 | 20240530085947.4 | ||
| 041 | 0 | |a slo | |
| 044 | |a CZ | ||
| 245 | 1 | 0 | |a Psychohygiena - súčasť prípravy budúcich ekonómov? |c Zuzana Chmelárová |
| 520 | |a Dôvody záujmu o psychohygienu. Psychológia a psychohygiena v príprave ekonómov. | ||
| 610 | 2 | 0 | |a vzdelávanie |
| 610 | 2 | 0 | |a ekonómia |
| 610 | 2 | 0 | |a študenti |
| 610 | 2 | 0 | |a psychológia |
| 610 | 2 | 0 | |a hygiena |
| 610 | 2 | 0 | |a starostlivosť o zdravie |
| 100 | 1 | |a Chmelárová, Zuzana, 1967- | |